Catálogo

Manual de métodos de investigación para las ciencias sociales : (Registro nro. 56735)

Detalles MARC
000 -LEADER
fixed length control field 01069nam a2200277 a 4500
001 - CONTROL NUMBER
control field 56735
003 - CONTROL NUMBER IDENTIFIER
control field Mx-PuUPA
005 - DATE AND TIME OF LATEST TRANSACTION
control field 20191008160329.0
008 - FIXED-LENGTH DATA ELEMENTS--GENERAL INFORMATION
fixed length control field 140415s2009 mx a r 000 0 spa d
020 ## - INTERNATIONAL STANDARD BOOK NUMBER
International Standard Book Number 9786074480115
040 ## - CATALOGING SOURCE
Description conventions rda
Original cataloging agency Mx-PuUPA
Language of cataloging spa
Transcribing agency Mx-PuUPA
Modifying agency Mx-PuUPA
041 0# - LANGUAGE CODE
Language code of text/sound track or separate title spa
100 1# - MAIN ENTRY--PERSONAL NAME
Personal name García-Cabrero, Benilde,
Relator term autor
245 10 - TITLE STATEMENT
Title Manual de métodos de investigación para las ciencias sociales :
Remainder of title un enfoque de enseñanza basado en proyectos /
Statement of responsibility, etc. Benilde García Cabrero.
250 ## - EDITION STATEMENT
Edition statement [Primera edición]
264 #1 - PRODUCTION, PUBLICATION, DISTRIBUTION, MANUFACTURE, AND COPYRIGHT NOTICE
Place of production, publication, distribution, manufacture México :
Name of producer, publisher, distributor, manufacturer Universidad Nacional Autónoma de México,
Date of production, publication, distribution, manufacture, or copyright notice 2009
300 ## - PHYSICAL DESCRIPTION
Extent 179 páginas :
Other physical details ilustraciones ;
Dimensions 23 cm.
336 ## - CONTENT TYPE
Content type term texto
Fuente rdacontent
Content type code txt
337 ## - MEDIA TYPE
Media type term sin medio
Source rdamedia
Media type code n
338 ## - CARRIER TYPE
Carrier type term volumen
Source rdacarrier
Carrier type code nc
650 #4 - SUBJECT ADDED ENTRY--TOPICAL TERM
Topical term or geographic name entry element Ciencias sociales
General subdivision Investigación
650 #4 - SUBJECT ADDED ENTRY--TOPICAL TERM
Topical term or geographic name entry element Ciencias sociales
General subdivision Métodos estadísticos
-- Investigación social
942 ## - ADDED ENTRY ELEMENTS (KOHA)
Source of classification or shelving scheme Dewey Decimal Classification
Koha item type Libro
Classification part 300.72
Item part GAR
Existencias
Withdrawn status Lost status Source of classification or shelving scheme Damaged status Not for loan Collection code Home library Current library Shelving location Date acquired Source of acquisition Total Checkouts Full call number Barcode Date last seen Date last checked out Price effective from Koha item type Total Renewals
    Dewey Decimal Classification     General Biblioteca Karol Wojtyla Biblioteca Karol Wojtyla Sala general 03/12/2013 Compra   300.72 GAR 2009 85746 02/07/2018 02/07/2018 17/05/2017 Libro  
    Dewey Decimal Classification     General Biblioteca Karol Wojtyla Biblioteca Karol Wojtyla Sala general 17/05/2017 Compra 2 300.72 GAR 2009 97506 05/01/2026 22/08/2023 17/05/2017 Libro  
    Dewey Decimal Classification     General Biblioteca Karol Wojtyla Biblioteca Karol Wojtyla Sala general 03/12/2013 Compra   300.72 GAR 2009 85747 05/01/2026 14/03/2015 17/05/2017 Libro  
    Dewey Decimal Classification     General Biblioteca Karol Wojtyla Biblioteca Karol Wojtyla Sala general 03/12/2013 Compra 3 300.72 GAR 2009 85800 05/01/2026 18/03/2020 17/05/2017 Libro 1